00441pab a2200133 454500008004000000100001900040245010800059260000900167300001300176362001200189650003000201700001600231773006000247180718b2013 xxu||||| |||| 00| 0 eng d aNanda, Sachita aUtilisation of maternal and child health care services by SCs and STs: A study of two village of Odisha c2013 ao,19-37. aJul-Sep aMaternal and child health aSridevi, G. aIASSI Quarterly - Contribution to Indian Social Science